Statistics for -ATE Vocabulary Words

Click here to take the quiz!

General Stats

  • This quiz has been taken 237 times
  • The average score is 9 of 20

Answer Stats

hintword% Correct
sleep, like a bear in winterhibernate
96%
renounce the throneabdicate
87%
to produce milklactate
84%
take part in, with othersparticipate
66%
propose someone for election to officenominate
64%
deprive of air, possibly causing deathsuffocate
61%
seasonally travel a long distancemigrate
55%
begin to grow, esp of a seedgerminate
54%
sit in silent stillnessmeditate
53%
giant corporationconglomerate
50%
slow downdecelerate
41%
sufficient, enoughadequate
26%
looking spotlessly cleanimmaculate
26%
to shortentruncate
23%
Aden and Zanzibar were British onesprotectorate
22%
enrol at universitymatriculate
21%
to clear of suspicion, or eventually prove rightvindicate
21%
demote to a lower levelrelegate
20%
make a howling-like trilling soundululate
20%
to specifystipulate
11%

Score Distribution

Percentile by Number Answered

Percent of People with Each Score

Your Score History

You have not taken this quiz